A vasút (sín)párját ritkítja! a szárnyvonalak megszűnése teljes régiókat lehetetleníthet el

Bibliographic Details
Main Author: Balogh, László Z. 1949- (Author)
Format: Article
Language:Hungarian
PhysicalDescription:Fotogr.
ISSN:1335-6631
Subjects:

MARC

LEADER 00000nab a2200000 a 4500
001 vtls000830255
003 SK-MaSNL
005 20260318123907.0
008 160405c2003 xo 0 hun
015 |a SNBRB2003/03-09835 
035 |a CLN000181910 
040 |a SNKBUCL  |b slo  |c SNKBUCL  |e AACR2 
041 0 |a hun 
044 |a xo  |c SK 
080 |a 656.2:061.5(437.6)  |2 1997 
080 |a 331.892(437.6):656.2  |2 1997 
100 1 |a Balogh, László Z.  |d 1949-  |4 aut  |9 889687 
245 1 0 |a A vasút (sín)párját ritkítja!  |b a szárnyvonalak megszűnése teljes régiókat lehetetleníthet el  |c Z. Balogh László 
300 |b Fotogr. 
610 2 7 |a Železnice Slovenskej republiky  |2 snkbucl  |9 29931 
650 0 7 |a doprava železničná osobná  |z Slovensko  |x výkony prepravné  |x redukcia  |2 snkbucl  |9 844739 
650 0 7 |a železnice  |x odbory  |x štrajky  |y 2003  |2 snkbucl  |9 1269689 
655 7 |a články z novín a časopisov  |2 snkbucl  |9 267496 
773 0 |x 1335-6631  |t Szabad újság  |g Roč. 11, č. 6 (2003), s. 3 
850 |a Slovenská národná knižnica v Martine 
852 |a SNK  |b KIS3GCP 
958 |a HU 
958 |a SK 
958 |a RBX 
999 |c 2513754  |d 2515684